Spontaneous soliton production by an optical pulse with a nonlinear shift of the carrier frequency; Russian Physics Journal; Vol. 39, iss. 9
| Parent link: | Russian Physics Journal: Scientific Journal Vol. 39, iss. 9.— 1996.— [P. 815-819] |
|---|---|
| Hlavní autor: | |
| Další autoři: | , |
| Shrnutí: | Title screen The perturbed nonlinear Schrodinger equation model is used to investigate the decay of a strong optical pulse in an absorbing medium with consideration of the nonlinear frequency shift of the pulse. The regularities of the spontaneous soliton production process are investigated numerically. It is established that with the use of the nonlinear frequency shift effect, not only can dissipative losses be compensated in waveguides, but the retarded signal can also be amplified Режим доступа: по договору с организацией-держателем ресурса |
| Jazyk: | angličtina |
| Vydáno: |
1996
|
| Témata: | |
| On-line přístup: | http://link.springer.com/article/10.1007%2FBF02437096 |
| Médium: | Elektronický zdroj Kapitola |
| KOHA link: | https://koha.lib.tpu.ru/cgi-bin/koha/opac-detail.pl?biblionumber=636599 |
MARC
| LEADER | 00000nla0a2200000 4500 | ||
|---|---|---|---|
| 001 | 636599 | ||
| 005 | 20250401085637.0 | ||
| 035 | |a (RuTPU)RU\TPU\network\629 | ||
| 035 | |a RU\TPU\network\628 | ||
| 090 | |a 636599 | ||
| 100 | |a 20140218d1996 k||y0rusy50 ba | ||
| 101 | 0 | |a eng | |
| 102 | |a US | ||
| 135 | |a drnn ---uucaa | ||
| 181 | 0 | |a i | |
| 182 | 0 | |a b | |
| 200 | 1 | |a Spontaneous soliton production by an optical pulse with a nonlinear shift of the carrier frequency |f V. A. Donchenko, Yu. A. Kreidun, A. V. Shapovalov | |
| 203 | |a Text |c electronic | ||
| 300 | |a Title screen | ||
| 320 | |a [References: p. 819 (20 tit.)] | ||
| 330 | |a The perturbed nonlinear Schrodinger equation model is used to investigate the decay of a strong optical pulse in an absorbing medium with consideration of the nonlinear frequency shift of the pulse. The regularities of the spontaneous soliton production process are investigated numerically. It is established that with the use of the nonlinear frequency shift effect, not only can dissipative losses be compensated in waveguides, but the retarded signal can also be amplified | ||
| 333 | |a Режим доступа: по договору с организацией-держателем ресурса | ||
| 461 | |t Russian Physics Journal |o Scientific Journal | ||
| 463 | |t Vol. 39, iss. 9 |v [P. 815-819] |d 1996 | ||
| 610 | 1 | |a электронный ресурс | |
| 610 | 1 | |a труды учёных ТПУ | |
| 700 | 1 | |a Donchenko |b V. A. | |
| 701 | 1 | |a Kreidun |b Yu. A. | |
| 701 | 1 | |a Shapovalov |b A. V. |c mathematician |c Professor of Tomsk Polytechnic University, Doctor of physical and mathematical sciences |f 1949- |g Aleksandr Vasilyevich |3 (RuTPU)RU\TPU\pers\31734 | |
| 801 | 2 | |a RU |b 63413507 |c 20180306 |g RCR | |
| 856 | 4 | |u http://link.springer.com/article/10.1007%2FBF02437096 | |
| 942 | |c CF | ||